000 00707nam a2200217Ii 4500
003 JO-AjNU
008 230605s9999||||xx |||||||||||||| ||und||
017 _a1990/3/151
040 _aJO-AjNU
_bara
_erda
_cJO-AjNU
041 _aara
050 1 4 _aKRM2095.K87.1990
100 3 _aكتكت، جميل يوسف,
_eauthor
_946652
245 0 0 _aمبررات الحد من حقوق الإنسان وضماناتها القانونية
250 _aط1
264 3 1 _aعمان : الأهلية للنشر، 1990
300 _a156ص
336 _atext
_btxt
_2rdacontent
337 _aunmediated
_bn
_2rdamedia
338 _avolume
_bnc
_2rdacarrier
650 4 _aحقوف الانسان -- قوانين
_946653
999 _aA20312
_c23880
_d23880